Städte am Rhein - Sudden Death - Statistiken

Allgemein
  • Dieses Quiz wurde 661 mal gespielt
  • Das Durchschnittsergebnis liegt bei 5 aus 12
Answers on the Grid
Answers color-coded by a green-red scale on the quiz's grid according to % correct below.
Duisburg
Aachen
Trier
Paderborn
Kaiserslautern
Mannheim
Münster
Koblenz
Basel
Wetzlar
Zürich
Metz
Karlsruhe
Bingen
Darmstadt
Düren
Pforzheim
Worms
Essen
Leverkusen
Witten
Heilbronn
Wesel
Montabaur
Lünen
Heidelberg
Speyer
Hagen
Bonn
Rheine
Wiesbaden
Solingen
 
Antwortstatistiken
Antwort % Korrekt
Duisburg
68%
Koblenz
62%
Bonn
60%
Basel
54%
Leverkusen
50%
Mannheim
47%
Bingen
44%
Karlsruhe
40%
Wiesbaden
37%
Worms
37%
Speyer
29%
Wesel
17%
Keine übereinstimmenden Quizze gefunden
Verteilung der Resultate
Anzahl Personen mit jedem Resultat
Perzentil nach korrekt beantworteten Fragen
Ihre Resultats-Entwicklung
Sie haben dieses Quiz noch nicht gespielt